000 00627nam a2200241Ia 4500
003 OSt
005 20220924125654.0
006 a|||||r|||| 00| 0
007 ta
008 220923b |||||||| |||| 00| 0 per d
024 _a327764
037 _cTextual
040 _aARTS
_cARTS
_bper
041 _2per
_aper
082 _aO164,1N07x, K3
100 _aAaqyan Au.
_9198739
245 0 _aKulliyat diwan Mansoori
260 _aTehran
_bBangah Iran
_c1963
300 _a280p.
_ccm.
650 _aPERSIAN POETRY
942 _hO164,1N07x, K3
_cTEXL
_2CC
999 _c423186
_d423186